<?xml version="1.0" encoding="UTF-8"?>
<record
    xmlns:xsi="http://www.w3.org/2001/XMLSchema-instance"
    xsi:schemaLocation="http://www.loc.gov/MARC21/slim http://www.loc.gov/standards/marcxml/schema/MARC21slim.xsd"
    xmlns="http://www.loc.gov/MARC21/slim">

  <leader>00168    a2200073   4500</leader>
  <datafield tag="020" ind1=" " ind2=" ">
    <subfield code="a">9781403144904</subfield>
  </datafield>
  <datafield tag="082" ind1=" " ind2=" ">
    <subfield code="a">299.936 HUBB</subfield>
  </datafield>
  <datafield tag="245" ind1=" " ind2=" ">
    <subfield code="a">I NTRODUCTION TO SCIENTOLOGY ETHICS</subfield>
  </datafield>
  <datafield tag="999" ind1=" " ind2=" ">
    <subfield code="c">791319</subfield>
    <subfield code="d">791318</subfield>
  </datafield>
  <datafield tag="942" ind1=" " ind2=" ">
    <subfield code="w">392</subfield>
    <subfield code="x">Veronica Mrwebi</subfield>
    <subfield code="y">392</subfield>
    <subfield code="z">Veronica Mrwebi</subfield>
  </datafield>
  <datafield tag="952" ind1=" " ind2=" ">
    <subfield code="0">0</subfield>
    <subfield code="1">0</subfield>
    <subfield code="4">0</subfield>
    <subfield code="6">299_936000000000000_HUBB</subfield>
    <subfield code="7">0</subfield>
    <subfield code="9">750243</subfield>
    <subfield code="a">SAKHL</subfield>
    <subfield code="b">SAKHL</subfield>
    <subfield code="c">Non_Fiction</subfield>
    <subfield code="d">2026-01-14</subfield>
    <subfield code="g">350.00</subfield>
    <subfield code="l">0</subfield>
    <subfield code="o">299.936 HUBB</subfield>
    <subfield code="p">33228031161005</subfield>
    <subfield code="r">2026-01-14</subfield>
    <subfield code="w">2026-01-14</subfield>
  </datafield>
</record>
